000 00508nam a2200181Ia 4500
005 20250326124001.0
008 250326s9999 xx 000 0 und d
037 _aTextbook
040 _aFMSL
_beng
_cFMSL
041 _aeng
_2eng
084 _aXv L2
_qFMSL
100 _aRobertson H M
_9342695
245 0 _aStudies in economics and economic history
_cRobertson H M; Kooy M
260 _aLondon
_bLondon, Macmillan
_c1972
300 _a313p
942 _cTB
_hXv L2
999 _c1271758
_d1271758